European Countries' Valentines - Statistics

General Stats
  • This quiz has been taken 49 times
    29 since last reset
  • The average score is 30 of 48
Answer Stats
Hint Answer % Correct
Austria and ____ Germany
83%
Ireland and ___ UK (Scotland)
83%
Germany and ___ Austria
79%
Denmark and ___ Norway
79%
Netherlands and ____ Belgium
75%
Andorra and ____ France
75%
Lithuania and ____ Latvia
75%
Bulgaria and ____ Romania
75%
Norway and ____ Denmark
71%
Monaco and _____ France
71%
Cyprus and ____ Greece
71%
Vatican City and ___ Italy
71%
Belgium and ___ Netherlands
71%
Spain and ____ Portugal
71%
Montenegro and ___ Serbia
71%
Czechia and ___ Slovakia
71%
Russia and ____ Belarus
67%
Luxembourg and ___ Belgium
67%
Bosnia & Herzegovina and ____ Croatia
67%
Sweden and ____ Finland
67%
France and ___ Italy
67%
San Marino and ____ Italy
67%
Latvia and ___ Lithuania
67%
Iceland and ___ Norway
67%
Moldova and ____ Romania
67%
Belarus and ____ Russia
67%
Kosovo and ___ Albania
63%
Estonia and ___ Finland
63%
Italy and ___ Spain
63%
Switzerland and ___ Germany
58%
Albania and ____ Kosovo
58%
Armenia and ____ Russia
58%
Liechtenstein and ___ Switzerland
58%
Slovakia and ____ Czechia
54%
Hungary and ___ Poland
54%
Azerbaijan and ____ Turkey
54%
Slovenia and ____ Croatia
50%
Poland and ____ Hungary
50%
Romania and ____ Moldova
50%
Ukraine and ____ Poland
50%
Georgia and ___ Ukraine
46%
Malta and ____ United Kingdom
46%
Portugal and ____ United Kingdom
46%
North Macedonia and ____ Croatia
42%
Greece and ___ Serbia
42%
Turkey and ____ Azerbaijan
38%
United Kingdom ____ Portugal
38%
Serbia and ___ Russia
38%
No matching quizzes found
Score Distribution
Percent of People with Each Score
Percentile by Number Answered
Your Score History
You have not taken this quiz since the last reset